000 00263nam a2200109Ia 4500
008 220216s9999 xx 000 0 und d
100 _aJacob C K
245 0 _aRogangal moolamulla vilanashtam ozhivakkan
260 _bRubber
_c2009
300 _a9-Jul
942 _cML
999 _c72872
_d72872